Dialéctica empleo/desempleo y derecho social /

Publicación resultante del segundo Seminario de Derecho Social Comparado, organizado por la Facultad de Derecho de la Universidad Ramón Llull y celebrado en mayo de 1996 en Barcelona, España. El eje central de esta segunda edición es la dialéctica entre los graves problemas de desempleo en una socie...

Descripción completa

Guardado en:
Detalles Bibliográficos
Autor corporativo: Seminario de Derecho Social Comparado ( Universidad Ramón Llull, Facultad de Derecho)
Otros autores: Marzal, Antonio (edición) (edición)
Formato: Procedimiento de la conferencia Libro
Idioma:Español
Publicado: Barcelona, España : Bosch, 1999, c1999
Colección:(Colección ESADE ; 3)
Temas:
Etiquetas: Agrega una etiqueta
Sin etiquetas, Sé el primero en etiquetar este registro!

MARC

LEADER 00000nam^a2200000^a^4500
001 000158048
005 20250521000000.0
009 20260310100559.952
020 |a 84-7698-529-0 
037 |a Acervo ITESO - Biblioteca 
041 |a ESP 
082 |a 344.  |b SEM 1996 
111 |a Seminario de Derecho Social Comparado (  |n 2° :  |c Universidad Ramón Llull, Facultad de Derecho) 
240 1 1 |a [Seminario de Derecho Social Comparado] 
245 1 0 |a Dialéctica empleo/desempleo y derecho social /  |c Ed. y presen. de A. Marzal ; tr. por Elia Marzal, Sara Marzal. 
264 4 |a Barcelona, España :  |b Bosch,  |c 1999, c1999 
300 |a 333 p. 
336 |a texto  |b txt  |2 rdacontenido 
337 |a sin mediación  |b n  |2 rdamedio 
338 |a volumen  |b nc  |2 rdasoporte 
440 1 |a (Colección ESADE ;  |v 3) 
520 |a Publicación resultante del segundo Seminario de Derecho Social Comparado, organizado por la Facultad de Derecho de la Universidad Ramón Llull y celebrado en mayo de 1996 en Barcelona, España. El eje central de esta segunda edición es la dialéctica entre los graves problemas de desempleo en una sociedad organizada para su opuesto, el empleo, y la función del derecho social en la compleja distribución del trabajo o del paro. Ocho informes nacionales sobre el tema estructuran la obra, referidos a los casos de Alemania, Austria, Bélgica, España, Francia, Inglaterra, Italia y Suiza. Precede a esta publicación el volumen titulado Crisis del Estado de bienestar y derecho social, correspondiente a la edición inaugural del Seminario (1995), y le sigue Protección de la salud y derecho social, resultado de la tercera versión de este encuentro académico (1997). 
649 |a XX 
650 |a Derecho Social -  |x Congresos -  |x Tema Principal 
650 |a Derecho Comparado -  |x Congresos -  |x Tema Principal 
650 |a Mercado de Trabajo 
650 |a Seguro contra Desempleo 
650 |a Empleo y Desempleo -  |z Europa -  |x Tema Principal 
650 |a Problemas Sociales 
650 |a Indemnización Laboral 
650 |a Prestaciones Laborales 
650 |a Relaciones Laborales 
650 |a Europa -  |x Condiciones Jurídicas 
650 |a Contratos Colectivos de Trabajo -  |z Europa 
650 |a Derecho Laboral -  |z Europa 
650 |a Derecho Público -  |z Europa 
650 |a Derecho -  |z Alemania 
650 |a Derecho -  |z Austria 
650 |a Derecho -  |z Bélgica 
650 |a Derecho -  |z España 
650 |a Derecho -  |z Francia 
650 |a Derecho -  |z Inglaterra 
650 |a Derecho -  |z Italia 
650 |a Derecho -  |z Suiza 
650 |a Derecho -  |z Europa 
700 |a Marzal, Antonio  |e (edición) 
910 |a Fondo General 
920 |a Impresos - Libros 
930 |a Colección General 
905 |a 101 
901 |a 0500087773  |b IT1  |c ACC  |u 20250521 
902 |a https://opac.biblio.iteso.mx/vufind/Record/000158048